| 000 | 00684nam a22001817a 4500 | ||
|---|---|---|---|
| 003 | UA-OsUOA | ||
| 001 | 10062 | ||
| 007 | ta | ||
| 008 | 20041218b un ||||| |||| 00| 0 ukr d | ||
| 100 | _aЯремчук М. | ||
| 942 | _cSA | ||
| 040 |
_aUA-OsUOA _cUA-OsUOA _dUA-OsUOA |
||
| 245 |
_aБудні Демидівки _b[Про історію та сьогодення с-ща Демидівка розповідає голова Демидів. селищ. ради М. Яремчук / Розмовляла С. Тубіна] |
||
| 300 | _aС.2 | ||
| 955 | _a0 | ||
| 773 | 0 |
_w0 _tВісті Рівненщини _dРівне _d2004 _g№116/117/10 груд./ |
|
| 650 | 7 |
_aІсторія _2UDC |
|
| 999 |
_c296223 _d296223 |
||